000 01070nam0a22002411i 4500
001 rc\3404739
005 20240726004824.0
021 _aRU
_b[73-26861а]
035 _a(NLR Aleph) 007548499
090 _a5175375
_c5175375
100 _a20130115d1973 |||y0rusy50 ca
101 0 _arus
102 _aRU
105 _ay d |||||
200 1 _aЭкономические закономерности становления и развития социализма в сельскохозяйственном производстве
_e(Сравнит. анализ опыта стран-членов СЭВ)
_eАвтореф. дис. на соиск. учен. степени д-ра экон. наук
_e(08.00.01)
_fКиев. гос. ун-т им. Т.Г. Шевченко
210 _aКиев
_d1973
215 _a66 с.
320 _aСписок работ авт.: с. 61-66 (34 назв.)
700 1 _aРокитко
_bА.И.
_gАнастасия Ивановна
801 0 _aRU
_bNLR
_gpsbo
801 1 _aRU
_bELAR
_2rusmarc
852 _aNLR
_j73-4/46236
942 _cBOOK